| 000 | 00768nam a22002651 4500 | ||
|---|---|---|---|
| 001 | 50886 | ||
| 003 | BD-RjUL | ||
| 005 | 20211209075559.0 | ||
| 008 | 160828s1944 nyua b 000 0 eng c | ||
| 035 | _a(OCoLC)ocm01039288 | ||
| 035 | _a(BD-RjUL)51006 | ||
| 040 |
_aDLC/ICU _cCGU _dZCU _dBD-RjUL _beng |
||
| 041 | _aeng | ||
| 082 | 0 |
_223 _a515 _bFRM 1944 |
|
| 100 | 1 |
_aFranklin, Philip, _d1898- _9152325 |
|
| 245 | 1 | 0 |
_aMethods of advanced calculus / _cby Philip Franklin . |
| 250 | _a1st ed. | ||
| 260 |
_aNew York ; _aLondon: _bMcGraw-Hill book company, inc., _c1944. |
||
| 300 |
_axii, 486 p.: _bill.; _c22 cm. |
||
| 500 | _a"Answers": p. 467-479. | ||
| 504 | _aBibliography: p. 463. | ||
| 650 | 0 |
_aCalculus. _9152326 |
|
| 942 |
_2ddc _cBK |
||
| 999 |
_c50886 _d50886 |
||